UBT Library

Revolution : (Record no. 167)

000 -LEADER
fixed length control field 00605cam a22002054a 4500
005 - DATE AND TIME OF LATEST TRANSACTION
control field 20131028065727.0
008 - FIXED-LENGTH DATA ELEMENTS--GENERAL INFORMATION
fixed length control field 000714s2001 dcu b 001 0 eng
020 ## - INTERNATIONAL STANDARD BOOK NUMBER
International Standard Book Number 156802553X
041 0# - LANGUAGE CODE
Language code of text/sound track or separate title eng
080 ## - UNIVERSAL DECIMAL CLASSIFICATION NUMBER
Universal Decimal Classification number 323.27
245 10 - TITLE STATEMENT
Title Revolution :
Statement of responsibility, etc Mark N. Katz, editor.
260 ## -
-- Washington, D.C. :
-- CQ Press,
-- c2001.
300 ## -
-- xii, 323 p. :
-- 22 cm.
500 ## -
-- Preface : f. IX-XII
504 ## - BIBLIOGRAPHY, ETC. NOTE
Bibliography, etc Includes bibliographical references and index.
650 #0 -
-- Revolucionet
650 #0 -
-- Marrëdhëniet ndërkombëtare
700 1# -
-- Katz, Mark N.
942 ## - ADDED ENTRY ELEMENTS (KOHA)
Source of classification or shelving scheme
Item type Books
Holdings
Withdrawn status Lost status Source of classification or shelving scheme Damaged status Not for loan Collection code Permanent location Current location Shelving location Date acquired Total Checkouts Full call number Barcode Date last seen Price effective from Koha item type
          Koleksioni i përgjithshem UBT - Prishtine UBT - Prishtine Koleksioni i përgjithshem 10/28/2013   323.27 REV 001-000183 10/28/2013 10/28/2013 Books
UBT Library © 2015-2024. All rights reserved University Education for Business and Technology